000 00649nam a2200181Ia 4500
008 090630s9999 xx 000 0 und d
082 _b19483
100 _aघैसास दिवाकर अ.
245 _aसमर्थांची बोधकथा.
_cघैसास दिवाकर अ.
260 _bढवळे.
_c1985
300 _a406
600 _aघैसास दिवाकर अ.
630 _aसमर्थांची बोधकथा.
655 _aधार्मिक.
700 _aघैसास दिवाकर अ.
730 _aसमर्थांची बोधकथा.
942 _cBOOK
999 _c271339
_d271339